000
00264nam a2200109Ia 4500
008
200302s9999 xx 000 0 und d
100
_a
B. Hazra
245
_a
Geration & Air-Conditioning
260
_b
Dhanpat Rai & Co. (P) Ltd.
260
_c
2000
300
_a
376 P.,
999
_c
1251
_d
1251